000 00593nam a2200157Ia 4500
001 6600
008 260622s9999 xx 000 0 und d
020 _a9781646067756
245 0 _aInformality Archigraphy Damascus/ M. Wesam Al Asali, Iyas Yosef Shahin
_bعشوائيات تصوير معماري دمشق/ إياس يوسف شاهين، محمد وسام العسلي
260 _aDamascus;
_bIW-Lab;
_c2019
300 _a100p;
_c21x15cm
546 _aEnglish; Arabic
650 _aNA9000-9428 Aesthetics of Cities. Urban planning and Beautifying
651 _aSyria
_Damascus
942 _cBK
999 _c6600
_d6600